[Event "Madrid ch 2017-2018 Veteranos"]
[Site "Madrid ESP"]
[Date "2018.01.15"]
[Round "6.13"]
[White "Osuna Osuna, Francisco"]
[Black "De Luna Butz, Alberto"]
[Result "0-1"]
[WhiteElo "1537"]
[BlackElo "1810"]
[PlyCount "100"]
[EventDate "2018.01.08"]
[EventType "swiss"]
[EventRounds "9"]
[EventCountry "ESP"]
[SourceTitle "Ajedrez en Madrid"]
[Source "lmi"]
[SourceDate "2018.01.08"]
[SourceVersion "1"]
[SourceVersionDate "2018.01.25"]
[SourceQuality "1"]

1. e4 e6 2. d3 d5 3. Nd2 c5 4. Ngf3 Nc6 5. g3 g6 6. Bg2 Bg7 7. O-O Nge7 8. Re1
b6 9. Nf1 O-O 10. h4 dxe4 11. dxe4 Ba6 12. Qxd8 Rfxd8 13. Ne3 Nd4 14. Nxd4 cxd4
15. Nd1 Rac8 16. c3 dxc3 17. Nxc3 Bxc3 18. bxc3 Rxc3 19. Bb2 Rc2 20. Bc1 f6 21.
Be3 Kf7 22. a4 Nc6 23. Rec1 Bd3 24. Rxc2 Bxc2 25. g4 Rd1+ 26. Rxd1 Bxd1 27. g5
Bxa4 28. gxf6 Kxf6 29. f4 e5 30. fxe5+ Kxe5 31. Bc1 Bc2 32. Bb2+ Nd4 33. Kf2
Bxe4 34. Bh3 Kd5 35. Bc8 Bf5 36. Bb7+ Kc4 37. Ba6+ Nb5 38. Bf6 Kb4 39. Ke3 Nc7
40. Bb7 Kc4 41. Kd2 b5 42. Bf3 Bd3 43. Kc1 Nd5 44. Bb2 Nc3 45. Bg4 Bf5 46. Bf3
a5 47. Bb7 b4 48. Ba6+ Kb3 49. Bb7 a4 50. Bf3 Na2+ 0-1

[Event "Madrid ch 2017-2018 Veteranos"]
[Site "Madrid ESP"]
[Date "2018.01.15"]
[Round "6.14"]
[White "Losada Gonzalez, Andres"]
[Black "Sanchez Lucena, Juan"]
[Result "1-0"]
[WhiteElo "1807"]
[BlackElo "1456"]
[PlyCount "91"]
[EventDate "2018.01.08"]
[EventType "swiss"]
[EventRounds "9"]
[EventCountry "ESP"]
[SourceTitle "Ajedrez en Madrid"]
[Source "lmi"]
[SourceDate "2018.01.08"]
[SourceVersion "1"]
[SourceVersionDate "2018.01.25"]
[SourceQuality "1"]

1. e4 e6 2. d4 d5 3. e5 Nc6 4. f4 Nge7 5. Nf3 Ng6 6. c3 a6 7. Bd3 Be7 8. O-O
Na5 9. Qa4+ Nc6 10. b4 Bd7 11. Qc2 b6 12. Be3 a5 13. b5 Na7 14. a4 c6 15. bxc6
Bxc6 16. f5 exf5 17. Bxf5 Bd7 18. Bd3 Rc8 19. Qb3 Be6 20. Nbd2 h6 21. Rab1 Rc6
22. c4 Bb4 23. Rfc1 O-O 24. Qd1 Bg4 25. cxd5 Rxc1 26. Qxc1 Qxd5 27. Be4 Qd7 28.
Qd1 f5 29. exf6 Rxf6 30. Qb3+ Be6 31. d5 Bf7 32. Nc4 Nc8 33. Bxg6 Bxg6 34. Nce5
Qe8 35. d6+ Kh7 36. d7 Qd8 37. dxc8=Q Qxc8 38. Nxg6 Rxf3 39. gxf3 Kxg6 40. Qd3+
Kf7 41. Rd1 Be7 42. Qd5+ Ke8 43. Bxb6 Qc3 44. Qg8+ Bf8 45. Qe6+ Be7 46. Rd8#
1-0

[Event "Madrid ch 2017-2018 Veteranos"]
[Site "Madrid ESP"]
[Date "2018.01.15"]
[Round "6.15"]
[White "Serrano Garcia, Vicente"]
[Black "Cupeiro Fernandez, Manuel"]
[Result "1-0"]
[WhiteElo "1817"]
[BlackElo "1552"]
[PlyCount "97"]
[EventDate "2018.01.08"]
[EventType "swiss"]
[EventRounds "9"]
[EventCountry "ESP"]
[SourceTitle "Ajedrez en Madrid"]
[Source "lmi"]
[SourceDate "2018.01.08"]
[SourceVersion "1"]
[SourceVersionDate "2018.01.25"]
[SourceQuality "1"]

1. d4 c6 2. Nf3 d5 3. Bf4 Bf5 4. e3 e6 5. Nbd2 Bd6 6. Ne5 h6 7. h4 Nd7 8. Nxf7
Kxf7 9. Bxd6 Ngf6 10. Bf4 Qe7 11. c3 c5 12. Be2 c4 13. g4 Bg6 14. f3 b5 15. Kf2
Rag8 16. g5 Nh5 17. Qg1 Nxf4 18. exf4 hxg5 19. fxg5 Bf5 20. f4 g6 21. Qg3 b4
22. Rae1 bxc3 23. bxc3 Nb6 24. Bg4 Qa3 25. Bxf5 exf5 26. Nf3 Nd7 27. Re2 Re8
28. Rhe1 Rxe2+ 29. Rxe2 Re8 30. Ne5+ Nxe5 31. fxe5 Re6 32. Qf3 Qa5 33. h5 Qd8
34. Qf4 Kg7 35. h6+ Kh7 36. Rb2 Qe7 37. Rb5 Ra6 38. Qd2 Qd8 39. Rb7+ Kh8 40.
Qb2 Rb6 41. Rxb6 axb6 42. Qd2 Kh7 43. Kf3 b5 44. Kf4 Qa5 45. Qb2 Kg8 46. a3 Kf7
47. Qb4 Qa4 48. Qxa4 bxa4 49. e6+ 1-0

[Event "Madrid ch 2017-2018 Veteranos"]
[Site "Madrid ESP"]
[Date "2018.01.15"]
[Round "6.16"]
[White "Fernandez Aransay, Fernando"]
[Black "De la Orden Alcocer, Alejandro"]
[Result "0-1"]
[WhiteElo "1825"]
[BlackElo "2042"]
[PlyCount "70"]
[EventDate "2018.01.08"]
[EventType "swiss"]
[EventRounds "9"]
[EventCountry "ESP"]
[SourceTitle "Ajedrez en Madrid"]
[Source "lmi"]
[SourceDate "2018.01.08"]
[SourceVersion "1"]
[SourceVersionDate "2018.01.25"]
[SourceQuality "1"]

1. e4 c5 2. Nf3 d6 3. d4 cxd4 4. Nxd4 Nf6 5. Nc3 g6 6. Bc4 a6 7. Bb3 Nbd7 8.
O-O Bg7 9. Re1 O-O 10. Be3 Nc5 11. Bg5 Nxb3 12. axb3 h6 13. Be3 Bd7 14. h3 b5
15. b4 Qc8 16. Nd5 Nxd5 17. exd5 Qc4 18. Qd2 Qxd5 19. Rad1 Qh5 20. c3 Rfe8 21.
Ne2 Bc6 22. Ng3 Qh4 23. Bf4 Kh7 24. Ne4 Bxe4 25. Bg3 Qg5 26. Qxg5 hxg5 27. Rxe4
f5 28. Re2 f4 29. Bh2 Be5 30. f3 a5 31. bxa5 Rxa5 32. Rd5 Rb8 33. Kf1 Ra1+ 34.
Re1 Rxe1+ 35. Kxe1 b4 0-1

[Event "Madrid ch 2017-2018 Veteranos"]
[Site "Madrid ESP"]
[Date "2018.01.15"]
[Round "6.17"]
[White "Bellagamba, Pascal"]
[Black "Rueda Maria, Ramiro"]
[Result "0-1"]
[WhiteElo "1596"]
[BlackElo "1827"]
[PlyCount "80"]
[EventDate "2018.01.08"]
[EventType "swiss"]
[EventRounds "9"]
[EventCountry "ESP"]
[SourceTitle "Ajedrez en Madrid"]
[Source "lmi"]
[SourceDate "2018.01.08"]
[SourceVersion "1"]
[SourceVersionDate "2018.01.25"]
[SourceQuality "1"]

1. Nf3 Nf6 2. b3 g6 3. Bb2 Bg7 4. e4 d6 5. d3 O-O 6. Nbd2 Nc6 7. g3 Bg4 8. h3
Bd7 9. Bg2 Qc8 10. c3 e5 11. g4 Re8 12. Qe2 d5 13. Nf1 dxe4 14. dxe4 Nd8 15.
Bc1 Ne6 16. Qc2 Bc6 17. Ng3 Nf4 18. O-O Nxg2 19. Kxg2 Qe6 20. Be3 Rad8 21. Rad1
b6 22. Rd2 Rxd2 23. Nxd2 Rd8 24. Rd1 Qd7 25. f3 Qd3 26. Qxd3 Rxd3 27. Ngf1 Rxc3
28. Nc4 Ne8 29. Bc1 Bb5 30. Bb2 Rc2+ 31. Rd2 Rxd2+ 32. Nfxd2 f6 33. Ne3 Bh6 34.
Kf2 Kf7 35. Nb1 Ke6 36. Nc3 Ba6 37. b4 c6 38. a3 Nd6 39. Ncd1 Bb5 40. Nc3 Bxe3+
0-1

[Event "Madrid ch 2017-2018 Veteranos"]
[Site "Madrid ESP"]
[Date "2018.01.15"]
[Round "6.18"]
[White "Calderon Martin, Antonio"]
[Black "Ramos Antona, Enrique"]
[Result "1/2-1/2"]
[WhiteElo "1665"]
[BlackElo "1608"]
[PlyCount "64"]
[EventDate "2018.01.08"]
[EventType "swiss"]
[EventRounds "9"]
[EventCountry "ESP"]
[SourceTitle "Ajedrez en Madrid"]
[Source "lmi"]
[SourceDate "2018.01.08"]
[SourceVersion "1"]
[SourceVersionDate "2018.01.25"]
[SourceQuality "1"]

1. e4 e5 2. Nf3 Nc6 3. Bb5 Nf6 4. d3 Bc5 5. Bxc6 dxc6 6. h3 O-O 7. Nc3 h6 8.
O-O Re8 9. Be3 Bxe3 10. fxe3 c5 11. b3 b6 12. Qe1 c6 13. Nh4 g6 14. Qg3 Kh7 15.
Qf2 Re6 16. Nf3 Ng8 17. Qg3 Qe7 18. Rf2 Bd7 19. Raf1 Be8 20. Nh2 Qg5 21. Ng4
Kg7 22. h4 Qe7 23. Ne2 h5 24. Nh2 Nf6 25. Qg5 Nh7 26. Qg3 Nf6 27. Kh1 Rd8 28.
Ng1 Nh7 29. Nh3 Rf6 30. Ng5 Rxf2 31. Rxf2 Nf8 32. Ngf3 Nd7 1/2-1/2

[Event "Madrid ch 2017-2018 Veteranos"]
[Site "Madrid ESP"]
[Date "2018.01.15"]
[Round "6.20"]
[White "Villodre Miranda, Juan Alonso"]
[Black "Martinez Martinez, Javier II"]
[Result "1-0"]
[WhiteElo "1542"]
[BlackElo "1644"]
[PlyCount "153"]
[EventDate "2018.01.08"]
[EventType "swiss"]
[EventRounds "9"]
[EventCountry "ESP"]
[SourceTitle "Ajedrez en Madrid"]
[Source "lmi"]
[SourceDate "2018.01.08"]
[SourceVersion "1"]
[SourceVersionDate "2018.01.25"]
[SourceQuality "1"]

1. c4 g6 2. e4 Bg7 3. Nc3 d6 4. g3 Nf6 5. Bg2 O-O 6. d3 Nc6 7. Nge2 e5 8. O-O
Ne7 9. h3 c6 10. f4 exf4 11. Nxf4 h5 12. Be3 Nh7 13. Nfe2 f5 14. Qd2 Be6 15.
Rac1 Qd7 16. Kh2 Rad8 17. Rcd1 d5 18. cxd5 cxd5 19. exf5 Nxf5 20. d4 Nxe3 21.
Qxe3 Rde8 22. Rxf8+ Bxf8 23. Qd2 Nf6 24. Qg5 Kg7 25. Nf4 Bf7 26. Ncxd5 Qf5 27.
Qxf5 gxf5 28. Nxf6 Kxf6 29. Bxb7 Rb8 30. Bg2 Rxb2 31. a4 Ra2 32. Nd3 Bd5 33.
Nf4 Bf7 34. d5 Rxa4 35. d6 h4 36. d7 hxg3+ 37. Kxg3 Be7 38. d8=Q Bxd8 39. Rxd8
Ke7 40. Rd3 a5 41. Bd5 Be8 42. Bb3 Ra3 43. Nd5+ Kf8 44. Rf3 Bd7 45. Bc4 Rxf3+
46. Kxf3 Kg7 47. Kf4 Kh6 48. Nb6 Bc6 49. Bf7 a4 50. Nc4 Bg2 51. h4 Be4 52. Be8
Bd3 53. Na3 Be4 54. Kg3 Bd3 55. Bxa4 f4+ 56. Kxf4 Kh5 57. Kg3 Kh6 58. Bb5 Be4
59. Nc4 Bg6 60. Ne5 Bh5 61. Kf4 Bd1 62. Bd7 Kh5 63. Kg3 Be2 64. Bg4+ Bxg4 65.
Nxg4 Kg6 66. Nh2 Kf5 67. Nf3 Kg6 68. Kg4 Kh6 69. Ne5 Kh7 70. Kg5 Kg7 71. Nd3
Kh7 72. Nf4 Kg7 73. Ne6+ Kh7 74. Kh5 Kg8 75. Kh6 Kh8 76. h5 Kg8 77. Ng5 1-0

[Event "Madrid ch 2017-2018 Veteranos"]
[Site "Madrid ESP"]
[Date "2018.01.15"]
[Round "6.21"]
[White "Salgado Duarte, Pablo"]
[Black "Martinez Miura, Enrique"]
[Result "1/2-1/2"]
[WhiteElo "1522"]
[BlackElo "1637"]
[PlyCount "97"]
[EventDate "2018.01.08"]
[EventType "swiss"]
[EventRounds "9"]
[EventCountry "ESP"]
[SourceTitle "Ajedrez en Madrid"]
[Source "lmi"]
[SourceDate "2018.01.08"]
[SourceVersion "1"]
[SourceVersionDate "2018.01.25"]
[SourceQuality "1"]

1. d4 e6 2. c4 d5 3. Nc3 Nf6 4. e3 Be7 5. Nf3 c6 6. cxd5 exd5 7. Be2 O-O 8. O-O
h6 9. h3 Bf5 10. Bd3 Bxd3 11. Qxd3 Nbd7 12. Re1 Re8 13. Bd2 Bf8 14. Rac1 Ne4
15. Qc2 f5 16. Nxe4 fxe4 17. Nh2 Bd6 18. Qd1 Nf6 19. Ng4 Qe7 20. Nxf6+ Qxf6 21.
Qg4 Rf8 22. Rf1 Rf7 23. f4 exf3 24. Rxf3 Qe7 25. Rcf1 Rxf3 26. Rxf3 Rf8 27.
Rxf8+ Qxf8 28. e4 dxe4 29. Qxe4 Qe7 30. Qxe7 Bxe7 31. b3 Kf7 32. Kf2 Ke6 33.
Ke3 Bg5+ 34. Kd3 Bxd2 35. Kxd2 Kd5 36. Kd3 b5 37. a3 h5 38. g3 g5 39. Ke3 Ke6
40. Ke4 a6 41. b4 Kf6 42. d5 cxd5+ 43. Kxd5 Kf5 44. Kd4 h4 45. gxh4 gxh4 46.
Ke3 Ke5 47. Kf3 Kf5 48. Ke3 Ke5 49. Kf3 1/2-1/2

[Event "Madrid ch 2017-2018 Veteranos"]
[Site "Madrid ESP"]
[Date "2018.01.15"]
[Round "6.22"]
[White "Rodriguez Bachiller, Luis"]
[Black "Prieto Gonzalez, Cesar"]
[Result "1/2-1/2"]
[WhiteElo "1634"]
[BlackElo "1515"]
[PlyCount "130"]
[EventDate "2018.01.08"]
[EventType "swiss"]
[EventRounds "9"]
[EventCountry "ESP"]
[SourceTitle "Ajedrez en Madrid"]
[Source "lmi"]
[SourceDate "2018.01.08"]
[SourceVersion "1"]
[SourceVersionDate "2018.01.25"]
[SourceQuality "1"]

1. e4 d6 2. d4 Nf6 3. Nd2 Nbd7 4. Ngf3 e5 5. c3 Be7 6. Bd3 c6 7. a4 Qc7 8. b4
a6 9. O-O Nf8 10. h3 h6 11. dxe5 dxe5 12. Nc4 N8d7 13. Be3 b5 14. Nb2 Bb7 15.
a5 c5 16. Qe1 c4 17. Bc2 Qc6 18. Bb6 Nxe4 19. Bxe4 Qxe4 20. Qxe4 Bxe4 21. Nxe5
Nxb6 22. axb6 Bb7 23. Rfe1 Kf8 24. Nd7+ Ke8 25. Nc5 Bc6 26. Rxa6 Rxa6 27. Nxa6
Kd8 28. Nc5 Bf6 29. Nd1 Kc8 30. Kf1 Re8 31. Rxe8+ Bxe8 32. Ke2 Bc6 33. f3 Be5
34. Ke3 g5 35. g4 Bf4+ 36. Ke2 Be5 37. Ne4 Kb7 38. Ne3 Bxe4 39. fxe4 Bxc3 40.
Nd5 Bd4 41. Kd2 Bxb6 42. Kc3 Bd8 43. Kd4 Kc6 44. e5 Bc7 45. Ne7+ Kd7 46. Nf5
Ke6 47. Ng7+ Kd7 48. Nf5 Bb6+ 49. Kc3 Ke6 50. Nxh6 Be3 51. Nf5 Bf2 52. Nd4+
Bxd4+ 53. Kxd4 f6 54. exf6 Kxf6 55. Ke4 Ke6 56. Kd4 Kd6 57. Ke4 Ke7 58. Ke3 Kf7
59. Kd4 Kg7 60. Ke3 Kh6 61. Kd4 Kh7 62. Ke3 Kg8 63. Kd4 Kf8 64. Kc3 Ke8 65. Kd4
Kd7 1/2-1/2

[Event "Madrid ch 2017-2018 Veteranos"]
[Site "Madrid ESP"]
[Date "2018.01.15"]
[Round "6.23"]
[White "Ghavami, Mahmoud"]
[Black "Perez Gonzalez, Jesus Miguel"]
[Result "1/2-1/2"]
[WhiteElo "1516"]
[BlackElo "1626"]
[PlyCount "56"]
[EventDate "2018.01.08"]
[EventType "swiss"]
[EventRounds "9"]
[EventCountry "ESP"]
[SourceTitle "Ajedrez en Madrid"]
[Source "lmi"]
[SourceDate "2018.01.08"]
[SourceVersion "1"]
[SourceVersionDate "2018.01.25"]
[SourceQuality "1"]

1. b3 Nf6 2. Bb2 d6 3. e3 c5 4. f4 Nc6 5. Nf3 g6 6. Be2 Bg7 7. O-O O-O 8. d3
Re8 9. e4 Ng4 10. Bxg7 Ne3 11. Qc1 Nxf1 12. Bc3 Nd4 13. Bxd4 cxd4 14. Qxf1 e5
15. Qf2 Bg4 16. h3 Bd7 17. c4 Rc8 18. Nbd2 b5 19. Kh2 a6 20. g4 Qf6 21. fxe5
dxe5 22. Rf1 Qf4+ 23. Qg3 Qe3 24. Qf2 Qf4+ 25. Kg2 f5 26. gxf5 Rc6 27. Qg3 Qe3
28. Qf2 Qf4 1/2-1/2

[Event "Madrid ch 2017-2018 Veteranos"]
[Site "Madrid ESP"]
[Date "2018.01.15"]
[Round "6.24"]
[White "De Los Rios Camacho, Juan Antoni"]
[Black "Perales Hernandez, Manuel"]
[Result "1-0"]
[WhiteElo "1624"]
[BlackElo "1302"]
[PlyCount "53"]
[EventDate "2018.01.08"]
[EventType "swiss"]
[EventRounds "9"]
[EventCountry "ESP"]
[SourceTitle "Ajedrez en Madrid"]
[Source "lmi"]
[SourceDate "2018.01.08"]
[SourceVersion "1"]
[SourceVersionDate "2018.01.25"]
[SourceQuality "1"]

1. e4 e5 2. Nf3 Nc6 3. Bb5 Qf6 4. c3 Bc5 5. O-O Qg6 6. Bxc6 dxc6 7. Nxe5 Qg5 8.
d4 Qf6 9. Nxf7 Bxd4 10. Nxh8 Be5 11. f4 g6 12. fxe5 Qxh8 13. Qf3 Qg7 14. Bg5
Be6 15. Na3 Ne7 16. Bf6 Qg8 17. b3 b5 18. Rad1 h5 19. h3 a5 20. Rd2 Bf7 21.
Bxe7 Kxe7 22. Qf6+ Ke8 23. Rfd1 Bd5 24. exd5 Rd8 25. dxc6 Rxd2 26. Rxd2 Qf7 27.
Rd8# 1-0

[Event "Madrid ch 2017-2018 Veteranos"]
[Site "Madrid ESP"]
[Date "2018.01.15"]
[Round "6.25"]
[White "Beekhof Harmsen, Willen"]
[Black "Sierra Garcia, Ricardo"]
[Result "0-1"]
[WhiteElo "1543"]
[BlackElo "1343"]
[PlyCount "116"]
[EventDate "2018.01.08"]
[EventType "swiss"]
[EventRounds "9"]
[EventCountry "ESP"]
[SourceTitle "Ajedrez en Madrid"]
[Source "lmi"]
[SourceDate "2018.01.08"]
[SourceVersion "1"]
[SourceVersionDate "2018.01.25"]
[SourceQuality "1"]

1. d4 Nf6 2. Nf3 d6 3. e3 g6 4. Bd3 Bg7 5. O-O O-O 6. a4 Nc6 7. c3 e5 8. e4 Bg4
9. d5 Ne7 10. h3 Bd7 11. Be3 c6 12. c4 Ne8 13. Qc1 f5 14. Bh6 f4 15. Bxg7 Nxg7
16. c5 Be8 17. Rd1 cxd5 18. cxd6 Qxd6 19. exd5 Rc8 20. Qd2 Bf7 21. Be4 Rc5 22.
Nc3 a6 23. Ng5 Rd8 24. Nxf7 Kxf7 25. b4 Rc4 26. b5 Rd4 27. Qa2 Rxd1+ 28. Rxd1
Ne8 29. Bf3 Nf6 30. bxa6 bxa6 31. g4 g5 32. Ne4 Nxe4 33. Bxe4 Kf6 34. Bxh7 Rh8
35. Qc2 Kg7 36. Be4 Rc8 37. Qb3 Rc5 38. Kg2 Ng6 39. Bxg6 Kxg6 40. Qd3+ Kg7 41.
Qf5 Kh6 42. Qe6+ Qxe6 43. dxe6 Kg7 44. Rd6 Kf6 45. Rxa6 e4 46. a5 Re5 47. h4
gxh4 48. Kh3 Kg5 49. Ra8 Rxe6 50. a6 e3 51. Rg8+ Kf6 52. a7 e2 53. g5+ Kf5 54.
a8=Q e1=Q 55. Qd5+ Re5 56. Re8 Qf1+ 57. Qg2 Qxg2+ 58. Kxg2 Rxe8 0-1

[Event "Madrid ch 2017-2018 Veteranos"]
[Site "Madrid ESP"]
[Date "2018.01.15"]
[Round "6.26"]
[White "Peña Marina, Jose Maria"]
[Black "Martin Rodriguez, Jose Luis"]
[Result "1-0"]
[WhiteElo "1705"]
[BlackElo "1302"]
[PlyCount "58"]
[EventDate "2018.01.08"]
[EventType "swiss"]
[EventRounds "9"]
[EventCountry "ESP"]
[SourceTitle "Ajedrez en Madrid"]
[Source "lmi"]
[SourceDate "2018.01.08"]
[SourceVersion "1"]
[SourceVersionDate "2018.01.25"]
[SourceQuality "1"]

1. c4 e5 2. Nc3 Nf6 3. Nf3 Nc6 4. g3 d5 5. cxd5 Nxd5 6. Bg2 Nxc3 7. bxc3 Bd6 8.
O-O O-O 9. d3 Be6 10. Qc2 Rb8 11. a4 a5 12. Rb1 h6 13. h3 Ne7 14. d4 exd4 15.
Nxd4 Qc8 16. Nxe6 fxe6 17. Qb3 b6 18. Rd1 Ng6 19. Ba3 Bxa3 20. Qxa3 Rd8 21. Qb3
Rxd1+ 22. Rxd1 Qe8 23. h4 Rd8 24. Rxd8 Qxd8 25. Qxe6+ Kh7 26. Be4 Qf6 27. Qxf6
gxf6 28. h5 Kg7 29. hxg6 Kf8 1-0

[Event "Madrid ch 2017-2018 Veteranos"]
[Site "Madrid ESP"]
[Date "2018.01.15"]
[Round "6.28"]
[White "Infante Martin, Alonso"]
[Black "Perez Ramos, Miguel Angel"]
[Result "1-0"]
[WhiteElo "1345"]
[BlackElo "1145"]
[PlyCount "42"]
[EventDate "2018.01.08"]
[EventType "swiss"]
[EventRounds "9"]
[EventCountry "ESP"]
[SourceTitle "Ajedrez en Madrid"]
[Source "lmi"]
[SourceDate "2018.01.08"]
[SourceVersion "1"]
[SourceVersionDate "2018.01.25"]
[SourceQuality "1"]

1. d4 Nf6 2. c4 e6 3. Nc3 c6 4. Bg5 d5 5. cxd5 cxd5 6. e4 a6 7. Rc1 Be7 8. Bd3
Bd7 9. Nf3 Nc6 10. a3 Qc7 11. O-O h6 12. Bh4 g5 13. Bg3 Bd6 14. Bxd6 Qxd6 15.
h3 e5 16. dxe5 Nxe5 17. Be2 Bc6 18. Nd4 Bd7 19. Qc2 Ke7 20. f4 gxf4 21. Nf5+
Bxf5 1-0

[Event "Madrid ch 2017-2018 Veteranos"]
[Site "Madrid ESP"]
[Date "2018.01.15"]
[Round "6.29"]
[White "Abad Martin-Camuñas, Luis"]
[Black "Perez Gonzalez, Eugenio"]
[Result "1-0"]
[WhiteElo "1408"]
[BlackElo "1518"]
[PlyCount "55"]
[EventDate "2018.01.08"]
[EventType "swiss"]
[EventRounds "9"]
[EventCountry "ESP"]
[SourceTitle "Ajedrez en Madrid"]
[Source "lmi"]
[SourceDate "2018.01.08"]
[SourceVersion "1"]
[SourceVersionDate "2018.01.25"]
[SourceQuality "1"]

1. c4 c5 2. Nc3 e5 3. g3 Nc6 4. e3 Nf6 5. Bg2 Be7 6. Nge2 O-O 7. O-O d6 8. Nd5
Nxd5 9. cxd5 Nb8 10. d4 b6 11. dxe5 Bb7 12. exd6 Bxd6 13. Nc3 a6 14. a4 Nd7 15.
e4 Re8 16. b3 Be5 17. Bb2 Rb8 18. Rb1 Nf6 19. Re1 Qd7 20. f3 b5 21. axb5 axb5
22. Bf1 Ba6 23. Ne2 c4 24. Bxe5 Rxe5 25. bxc4 Qa7+ 26. Qd4 Qxd4+ 27. Nxd4 b4
28. Nc6 1-0

[Event "Madrid ch 2017-2018 Veteranos"]
[Site "Madrid ESP"]
[Date "2018.01.16"]
[Round "7.1"]
[White "Martin Martin, Luis Vicente"]
[Black "Elissalt Cardenas, Hector"]
[Result "1/2-1/2"]
[WhiteElo "1946"]
[BlackElo "2346"]
[PlyCount "110"]
[EventDate "2018.01.08"]
[EventType "swiss"]
[EventRounds "9"]
[EventCountry "ESP"]
[SourceTitle "Ajedrez en Madrid"]
[Source "lmi"]
[SourceDate "2018.01.08"]
[SourceVersion "1"]
[SourceVersionDate "2018.01.25"]
[SourceQuality "1"]

1. d4 Nf6 2. Bf4 b6 3. e3 Bb7 4. Nf3 e6 5. Bd3 h6 6. O-O d6 7. h3 g5 8. Bg3 Rg8
9. Nbd2 h5 10. h4 gxh4 11. Bxh4 Be7 12. e4 Nbd7 13. Qe2 a6 14. Nh2 Ng4 15. Bxe7
Qxe7 16. f3 Nxh2 17. Kxh2 Qf6 18. Qf2 O-O-O 19. g3 h4 20. g4 Qf4+ 21. Kh3 Nf8
22. Rg1 Nh7 23. Rae1 Ng5+ 24. Kg2 f5 25. Qe3 Qxe3 26. Rxe3 fxg4 27. fxg4 Rdf8
28. Rf1 Rxf1 29. Nxf1 Rf8 30. Nh2 Rf4 31. c3 Kd8 32. Re2 Ke7 33. d5 b5 34. Rf2
Rxf2+ 35. Kxf2 exd5 36. exd5 Bxd5 37. a4 bxa4 38. Bxa6 Kf6 39. Bb5 Ke5 40. Bxa4
Kf4 41. Bd1 h3 42. Be2 Bg2 43. Bd3 Nf3 44. Nf1 Ne5 45. Be2 Bxf1 46. Bxf1 Nxg4+
47. Ke2 Kg3 48. Bxh3 Kxh3 49. Kd3 Nf2+ 50. Kd4 Nd1 51. Kd5 c5 52. b3 Nxc3+ 53.
Kxd6 Ne4+ 54. Kd5 Nd2 55. Kxc5 Nxb3+ 1/2-1/2

[Event "Madrid ch 2017-2018 Veteranos"]
[Site "Madrid ESP"]
[Date "2018.01.16"]
[Round "7.2"]
[White "Pastor Alonso De Prado, Alberto"]
[Black "Gonzalez Rivera, Eduardo"]
[Result "1-0"]
[WhiteElo "2190"]
[BlackElo "2014"]
[PlyCount "64"]
[EventDate "2018.01.08"]
[EventType "swiss"]
[EventRounds "9"]
[EventCountry "ESP"]
[SourceTitle "Ajedrez en Madrid"]
[Source "lmi"]
[SourceDate "2018.01.08"]
[SourceVersion "1"]
[SourceVersionDate "2018.01.25"]
[SourceQuality "1"]

1. e4 e5 2. f4 exf4 3. Nf3 g5 4. Nc3 d6 5. g3 Nc6 6. d4 Bh6 7. Bb5 a6 8. Bxc6+
bxc6 9. gxf4 gxf4 10. Rg1 Qf6 11. Qe2 Ne7 12. Bd2 a5 13. e5 Qf5 14. O-O-O d5
15. Nh4 Qh3 16. Qf2 Ng6 17. Ng2 Qf5 18. Rdf1 Ba6 19. Re1 a4 20. e6 Bc8 21. Nh4
Qf6 22. exf7+ Kxf7 23. Nf3 a3 24. b3 Re8 25. Rxe8 Kxe8 26. h4 Be6 27. Na4 Bf5
28. Nc5 Bf8 29. Re1+ Kd8 30. h5 Bxc5 31. hxg6 hxg6 32. Bxf4 Kc8 1-0

[Event "Madrid ch 2017-2018 Veteranos"]
[Site "Madrid ESP"]
[Date "2018.01.16"]
[Round "7.3"]
[White "Nuñez Muñoz, Jesus"]
[Black "Lorenzo Bailador, Alfredo"]
[Result "1-0"]
[WhiteElo "2182"]
[BlackElo "2011"]
[PlyCount "65"]
[EventDate "2018.01.08"]
[EventType "swiss"]
[EventRounds "9"]
[EventCountry "ESP"]
[SourceTitle "Ajedrez en Madrid"]
[Source "lmi"]
[SourceDate "2018.01.08"]
[SourceVersion "1"]
[SourceVersionDate "2018.01.25"]
[SourceQuality "1"]

1. e4 e5 2. Nf3 Nc6 3. Bb5 a6 4. Ba4 Nf6 5. O-O Nxe4 6. d4 b5 7. Bb3 d5 8. dxe5
Be6 9. Nbd2 Nc5 10. c3 Nxb3 11. Nxb3 Be7 12. Nfd4 Qd7 13. f4 g6 14. Be3 O-O 15.
f5 Bxf5 16. Nxc6 Qxc6 17. Nd4 Qd7 18. Rxf5 gxf5 19. Qh5 Kh8 20. Rf1 Rae8 21.
Rf3 Bc5 22. Rh3 f6 23. e6 Qg7 24. Bh6 Qe7 25. Bxf8 Rxf8 26. Qxf5 Qg7 27. Qxd5
Qg5 28. Qxg5 fxg5 29. Re3 Re8 30. Re5 Bb6 31. Kf1 h6 32. Nf5 Kh7 33. g4 1-0

[Event "Madrid ch 2017-2018 Veteranos"]
[Site "Madrid ESP"]
[Date "2018.01.16"]
[Round "7.4"]
[White "Garcia Galeote, Lorenzo"]
[Black "Casares Ripoll, Fernando"]
[Result "1/2-1/2"]
[WhiteElo "1971"]
[BlackElo "2110"]
[PlyCount "43"]
[EventDate "2018.01.08"]
[EventType "swiss"]
[EventRounds "9"]
[EventCountry "ESP"]
[SourceTitle "Ajedrez en Madrid"]
[Source "lmi"]
[SourceDate "2018.01.08"]
[SourceVersion "1"]
[SourceVersionDate "2018.01.25"]
[SourceQuality "1"]

1. d4 d5 2. c4 c5 3. cxd5 Qxd5 4. Nf3 cxd4 5. Qxd4 Nf6 6. Nc3 Qxd4 7. Nxd4 a6
8. g3 e5 9. Nf3 Nc6 10. Bg5 Be6 11. Bg2 Nd7 12. O-O f6 13. Be3 Bc5 14. Bxc5
Nxc5 15. Rfd1 Ke7 16. Nd5+ Bxd5 17. Rxd5 Ne6 18. Rad1 Rhd8 19. Rxd8 Rxd8 20.
Rxd8 Kxd8 21. Nd2 Kc7 22. a3 1/2-1/2

[Event "Madrid ch 2017-2018 Veteranos"]
[Site "Madrid ESP"]
[Date "2018.01.16"]
[Round "7.5"]
[White "Sanchez Garcia, Aurelio"]
[Black "Garcia Martin, Esteban"]
[Result "1-0"]
[WhiteElo "2091"]
[BlackElo "1886"]
[PlyCount "51"]
[EventDate "2018.01.08"]
[EventType "swiss"]
[EventRounds "9"]
[EventCountry "ESP"]
[SourceTitle "Ajedrez en Madrid"]
[Source "lmi"]
[SourceDate "2018.01.08"]
[SourceVersion "1"]
[SourceVersionDate "2018.01.25"]
[SourceQuality "1"]

1. Nf3 c5 2. e3 Nf6 3. d4 e6 4. c4 d5 5. a3 Be7 6. dxc5 Bxc5 7. b4 Be7 8. Bb2
O-O 9. Nbd2 a5 10. b5 a4 11. Be2 Nbd7 12. O-O Nc5 13. Qc2 Nfd7 14. cxd5 exd5
15. Rfd1 Nf6 16. Bxf6 gxf6 17. Nd4 Kh8 18. Bf3 Rg8 19. Nf1 Bg4 20. Ng3 Rc8 21.
Bxg4 Rxg4 22. Rac1 Bd6 23. Qf5 Rg5 24. Qf3 Bxg3 25. hxg3 Qd7 26. Qxf6+ 1-0